000 01116nam a22003137a 4500
003 CHAP
005 20220329135319.0
008 971013s1985 r 00010 d
010 _a34253
011 _a35225
035 _a39341
040 _cCHAP
090 _aTesis
100 0 0 _aLuna de Anda, Alma Taurina.
_969040
245 _aDeterminación del grado de contaminación microbiano en casetas de pollo de engorda durante la época de verano e invierno
260 _aTorreón, Coah. :
_bEl autor,
_c1985
300 _a21 h.
_b: gráfs.
502 _aTesis (Médico Veterinario Zootecnista) -- UAAAN. Unidad Laguna. Departamento de Producción Animal
590 _aALEPH
_b10
_c20130110
_lUCH01
_h1259
590 _aBATCH-UPD
_b10
_c20130110
_lUCH01
_h1558
590 _aBATCH-UPD
_b10
_c20130410
_lUCH01
_h0955
590 _aBATCH-UPD
_b10
_c20130914
_lUCH01
_h0443
590 _aCONVERSION
_b10
_c20130109
_lUCH01
_h1319
650 1 4 _aAves de corral
_xJaulas y equipo.
_98656
650 1 4 _aAves de corral
_xParásitos.
_98673
901 _aBK
942 _cTESIS
949 _bBC
_cTES
_d-89711
_eTS1
_h18912
_i39341
_si
999 _c34253
_d34253